000 00747nam a22002177a 4500
999 _c19778
_d19778
003 AR-CdUCM
008 190521b ||||| |||| 00| 0 spa d
020 _a8489303460
040 _aMUNICIPALIDAD PROVINCIAL DEL CUSCO
_cBIBLIOTECA MUNICIPAL DEL CUSCO
082 _a353.6274 /
_bB65
100 _aBlondet, Cecilia
_924802
245 _aHoy menú popular :
_bComedores en Lima /
260 _aLima :
_bIEP,
_c1995.
300 _a152 páginas :
_c20 cm.
505 _aContenido : Circunstancias sociales y políticas de su aparición -- Razón para crecer y multiplicarse...
650 _aRealidad social
_917262
650 _aCaritas
_941356
650 _aAcción de caridad
_941357
700 _aMontero, Carmen
_941358
942 _2ddc
_cFOLLETOS